000
00232nam a2200097Ia 4500
008
230915s9999 xx 000 0 und d
050
_a
TA357.B36.C.1
100
_a
R.K.BANSAL
245
2
_a
A TEXTBOOK OF FLUID MECHANICS
942
_c
BK
999
_c
63150
_d
63150